Welt und Weltraum

Bibliographic Details
Main Authors: Reitschel-Kluge, Roswitha (Author), Reitschel, Siegfried (Author)
Format: Book
Language:German
PhysicalDescription:93 s.
Published: Stuttgart Zürich Delphin Verlag 1972

MARC

LEADER 00000nam a2200000 a 4500
001 vtls010668302
003 SK-MaSNL
005 20260301095820.0
008 240318s1972 gw g 000 0 ger
015 |a SNBZSA1972 
040 |a SNK  |b slo  |c SNK  |e AACR2 
041 0 |a ger 
044 |a gw  |a sz  |c DE  |c CH 
100 1 |a Reitschel-Kluge, Roswitha  |4 aut  |9 431754 
245 1 0 |a Welt und Weltraum  |c von R. Reitschel-Kluge, Siegfried Reitschel 
260 |a Stuttgart  |a Zürich  |b Delphin Verlag  |c 1972  |e Martin  |f SNP-Neografia 
300 |a 93 s. 
700 |a Reitschel, Siegfried  |4 aut  |9 431755 
958 |a OND 
999 |c 684194  |d 686124 
952 |a SNK  |b SNK  |y PREZ  |7 0  |p 17A0889901  |o snkSB 18355  |i snkKIP 6004/72  |0 0  |1 0  |4 0  |d 2015-04-20  |l 0  |r 2025-03-20 00:00:00  |w 2026-02-23